Aplicando la psicología social /

En esta obra sobre psicología social aplicada se adopta un enfoque diferente al de la mayoría de los manuales sobre este tema. En ella, se parte del conocimiento y de los procedimientos acumulados en psicología social básica y se muestra su aplicación a los problemas sociales a los que nos enfrentam...

Full description

Bibliographic Details
Other Authors: Expósito, Francisca (coord.), Moya, Miguel (coord.)
Format: Libro
Language:Spanish
Published: Madrid Pirámide 2005
Series:Psicología
Subjects:
Online Access:

MARC

LEADER 00000cam a2200000 a 4500
001 003647
003 UAHC_CL
005 20170803115946.0
008 170605s2005 sp 000 spa
020 |a 8436819489 
040 |a UAHC_CL  |c UAHC_CL  |d UAHC_CL 
082 0 4 |a 302  |b EX96  |2 20 
245 1 0 |a Aplicando la psicología social /  |c Francisca Expósito, Miguel Moya, coordinadores. 
260 |b Pirámide  |a Madrid  |c 2005 
300 |a 396 p. 
490 0 |a Psicología 
520 |a En esta obra sobre psicología social aplicada se adopta un enfoque diferente al de la mayoría de los manuales sobre este tema. En ella, se parte del conocimiento y de los procedimientos acumulados en psicología social básica y se muestra su aplicación a los problemas sociales a los que nos enfrentamos hoy en día. Aunque resulta evidente que la aplicación del conocimiento psicosocial va mucho más allá de los temas tratados en este libro, el lector obtendrá una idea clara de cómo el conocimiento que muchas veces se percibe como excesivamente experimental, teórico y alejado de la realidad, puede contribuir a mejorar las condiciones de vida de los seres humanos. 
650 4 |a PSICOLOGIA SOCIAL 
650 4 |a PSICOLOGIA SOCIAL  |x METODOLOGIA 
653 |a TRABAJO SOCIAL 
700 1 |a Expósito, Francisca  |e coord. 
700 1 |a Moya, Miguel  |e coord. 
900 |a 302 EXP 
942 |c BK 
952 |0 0  |1 0  |4 0  |6 302_000000000000000_EXP  |7 0  |8 General  |9 8136  |a BC  |b BC  |c General  |d 2017-08-03  |l 0  |o 302 EXP  |p 1440203  |r 2026-01-07 00:00:00  |t 1  |w 2017-08-03  |y BK 
999 |c 3647  |d 3647